Indoor Smart Cultivation Monitoring System (SCMS) while Measuring Energy Consumption / (Record no. 607162)

000 -LEADER
fixed length control field 00477nam a22001577a 4500
082 ## - DEWEY DECIMAL CLASSIFICATION NUMBER
Classification number 621.312
Author Mark ARE
100 ## - MAIN ENTRY--PERSONAL NAME
Personal name Areeha Javaid (362086)
245 ## - TITLE STATEMENT
Title Indoor Smart Cultivation Monitoring System (SCMS) while Measuring Energy Consumption /
264 ## - PRODUCTION, PUBLICATION, DISTRIBUTION, MANUFACTURE, AND COPYRIGHT NOTICE
Place of production, publication, distribution, manufacture Islamabad :
Name of producer, publisher, distributor, manufacturer USPCAS-E, NUST
Date of production, publication, distribution, manufacture, or copyright notice September, 2023.
300 ## - PHYSICAL DESCRIPTION
Extent xii, 50 p.
Accompanying material +CD
520 ## - SUMMARY, ETC.
Summary, etc. TH-531
650 ## - SUBJECT ADDED ENTRY--TOPICAL TERM
Topical term or geographic name entry element MS EEP Thesis
650 ## - SUBJECT ADDED ENTRY--TOPICAL TERM
Topical term or geographic name entry element MS Thesis
700 ## - ADDED ENTRY--PERSONAL NAME
Personal name Dr Muhammad Yousif
942 ## - ADDED ENTRY ELEMENTS (KOHA)
Source of classification or shelving scheme
Koha item type Thesis
Holdings
Withdrawn status Permanent Location Current Location Date acquired Full call number Barcode Koha item type
  US-Pakistan Center for Advanced Studies in Energy (USPCAS-E) US-Pakistan Center for Advanced Studies in Energy (USPCAS-E) 12/05/2023 621.312 ARE CAS-ETH0000531 Thesis
© 2023 Central Library, National University of Sciences and Technology. All Rights Reserved.